A new interpretation of the crosslinking mechanism of NR with dicumyl peroxide (Record no. 53433)

MARC details
000 -LEADER
fixed length control field 00575nam a2200205Ia 4500
100 ## - MAIN ENTRY--AUTHOR NAME
Personal name Gonzalez L
245 #2 - TITLE STATEMENT
Title A new interpretation of the crosslinking mechanism of NR with dicumyl peroxide
260 ## - PUBLICATION, DISTRIBUTION, ETC. (IMPRINT)
Name of publisher Kautschuk Gummi Kunststoffe
Year of publication 1998
300 ## - PHYSICAL DESCRIPTION
Number of Pages 83-87
650 ## - SUBJECT ADDED ENTRY--TOPICAL TERM
Topical Term Crosslinking mechanism
650 ## - SUBJECT ADDED ENTRY--TOPICAL TERM
Topical Term Dicumyl peroxide
650 ## - SUBJECT ADDED ENTRY--TOPICAL TERM
Topical Term Mechanical properties
650 ## - SUBJECT ADDED ENTRY--TOPICAL TERM
Topical Term Natural rubber
650 ## - SUBJECT ADDED ENTRY--TOPICAL TERM
Topical Term Network structure
700 ## - ADDED ENTRY--PERSONAL NAME
Personal name Chamorro C
700 ## - ADDED ENTRY--PERSONAL NAME
Personal name Marcos A
700 ## - ADDED ENTRY--PERSONAL NAME
Personal name Rodrigez A
942 ## - ADDED ENTRY ELEMENTS (KOHA)
Koha item type Journals
Holdings
Withdrawn status Lost status Damaged status Not for loan Home library Current library Shelving location Date acquired Serial Enumeration / chronology Koha item type
      Journals RRII Library RRII Library Rubber chemistry 17/12/2021 Volume 51, Issue 2 Journals